| 000 | 01046nam a22002651a 4500 | ||
|---|---|---|---|
| 999 |
_c5675 _d5675 |
||
| 003 | EG-ScBUE | ||
| 005 | 20200120102522.0 | ||
| 008 | 100810s1979 ua f b 000 0 ara d | ||
| 017 | _a1979/4726 | ||
| 040 |
_aEG-ScBUE _bara _erda _dEG-ScBUE _cEG-ScBUE |
||
| 082 | 0 | 4 |
_a892.709 _bد ر و _222 |
| 100 | 1 |
_aدرويش، محمد طاهر، _eمؤلف. _917343 |
|
| 245 | 1 | 2 |
_aالنقد الأدبي عند العرب إلى نهاية القرن الثالث الهجري / _cدكتور محمد طاهر درويش، كلية دار العلوم، جامعة القاهرة. |
| 264 | 1 |
_aالقاهرة : _bدار المعارف، _c1979. |
|
| 300 |
_a370 صفحة ؛ _c24 سم |
||
| 336 |
_2rdacontent _aنص _btxt |
||
| 337 |
_2rdamedia _aبدون وسيط _bn |
||
| 338 |
_2rdacarrier _aمجلد _bnc |
||
| 504 | _aيشتمل على إرجاعات ببليوجرافية. | ||
| 590 | _amahmoud sami | ||
| 650 | 7 |
_aالأدب العربي _xتاريخ ونقد. _2BUEsh |
|
| 653 |
_bARALIT _cJanuary2020 |
||
| 655 | _vReading book | ||
| 942 | _2ddc | ||